Statistics for Colors in Spanish

Click here to take the quiz!

General Stats

  • This quiz has been taken 51 times
  • The average score is 8 of 15

Answer Stats

HintAnswer% Correct
WhiteBlanco
91%
RedRojo
91%
GreenVerde
88%
BlackNegro
85%
YellowAmarillo
82%
BlueAzul
82%
GrayGris
65%
BrownMarron
62%
OrangeNaranja
62%
VioletVioleta
47%
PinkRosado
21%
GoldDorado
18%
PurpleMorado
18%
Light blueAzul claro
15%
SilverPlateado
6%

Score Distribution

Percentile by Number Answered

Percent of People with Each Score

Your Score History

You have not taken this quiz